000 01094nam a2200253Ia 4500
999 _c53801
_d53801
001 20852
003 GE_BSU
005 20210513153348.0
008 181216s2011||||ge |||||||||||||| ||geo||
020 _a9789941430633
040 _cGE_BSU
041 _ageo
080 _a821.112.2-31 ი-35
100 _aიელინეკი, ელფრიდე
_911785
245 _aპიანისტი ქალი :
_bრომანი /
_cელფრიდე იელინეკი ; გერმ. თარგმნა ლაშა დადიანმა ; მხატვ. : ი. ხელაია.
264 _aთბილისი :
_bინტელექტი,
_c2011.
300 _a287გვ. ;
_c20 სმ.
541 _h6ლ.57თ.
653 _aმხატვრული ლიტერატურა
653 _aპიანისტი ქალი
700 _aდადიანი, ლაშა
_eგერმანულიდან თარგმნა
_911786
700 _aხელაია, ი.
_eმხატვარი
_97635
942 _cBK
_2udc